Ч. 1; Теория автоматического управления

Bibliografiske detaljer
Parent link:Теория автоматического управления: лабораторный практикум/ Национальный исследовательский Томский политехнический университет (ТПУ) ; сост. А. П. Зайцев, А. Д. Митаенко,К. В. Образцов. Ч. 1.— , 2011
Hovedforfatter: Зайцев А. П. Александр Петрович
Andre forfattere: Митаенко А. Д. Анатолий Дмитриевич, Образцов К. В. Константин Валентинович
Summary:В лабораторном практикуме по дисциплине "Теория автоматического управления" представлены описания работ по линейным системам и их типовым элементам. Теоретические разделы дисциплины включают исследование реальных электромеханических систем на основе моделирующей программы Classic 3. Современные системы автоматизированных электроприводов выполняются на реальных физических установках.
Sprog:russisk
Udgivet: 2011
Fag:
Format: MixedMaterials Bog
KOHA link:https://koha.lib.tpu.ru/cgi-bin/koha/opac-detail.pl?biblionumber=211251

MARC

LEADER 00000nam2a2200000 4500
001 211251
005 20231214112237.0
035 |a (RuTPU)RU\TPU\book\230755 
035 |a RU\TPU\book\69733 
090 |a 211251 
100 |a 20120312d2011 m y0rusy50 ca 
101 0 |a rus 
102 |a RU 
105 |a a j 001zy 
200 0 |a Ч. 1  |f А. П. Зайцев, А. Д. Митаенко, К. В. Образцов 
210 |d 2011 
215 |a 58 с.  |c ил. 
320 |a Библиогр.: с. 55. 
330 |a В лабораторном практикуме по дисциплине "Теория автоматического управления" представлены описания работ по линейным системам и их типовым элементам. Теоретические разделы дисциплины включают исследование реальных электромеханических систем на основе моделирующей программы Classic 3. Современные системы автоматизированных электроприводов выполняются на реальных физических установках. 
461 1 |0 (RuTPU)RU\TPU\book\230958  |t Теория автоматического управления  |o лабораторный практикум  |o в 2 ч.  |f Национальный исследовательский Томский политехнический университет (ТПУ) ; сост. А. П. Зайцев, А. Д. Митаенко,К. В. Образцов  |v Ч. 1  |d 2011 
606 1 |a Автоматическое управление  |x Теория  |2 stltpush  |3 (RuTPU)RU\TPU\subj\950  |9 29755 
610 1 |a автоматика 
610 1 |a ТАУ 
610 1 |a автоматическое управление 
610 1 |a системы управления 
610 1 |a динамические системы 
610 1 |a стационарные системы 
610 1 |a частотные характеристики 
610 1 |a устойчивость 
610 1 |a качество 
610 1 |a коррекция 
610 1 |a статические характеристики 
610 1 |a лабораторные работы 
610 1 |a практикумы 
610 1 |a учебные пособия 
610 1 |a труды учёных ТПУ 
675 |a 681.51.01(076.5)  |v 3 
700 1 |a Зайцев  |b А. П.  |c специалист в области автоматического управления  |c доцент Томского политехнического университета  |f 1937-  |g Александр Петрович  |3 (RuTPU)RU\TPU\pers\29358 
701 1 |a Митаенко  |b А. Д.  |c специалист в области электрооборудования  |c доцент Томского политехнического университета  |f 1939-  |g Анатолий Дмитриевич  |3 (RuTPU)RU\TPU\pers\27287 
701 1 |a Образцов  |b К. В.  |c специалист в области электротехники  |c старший преподаватель Томского политехнического университета  |f 1976-  |g Константин Валентинович  |3 (RuTPU)RU\TPU\pers\26525  |9 12219 
801 1 |a RU  |b 63413507  |c 20040625  |g PSBO 
801 2 |a RU  |b 63413507  |c 20150303  |g PSBO 
942 |c BK